000 00230nam a2200097Ia 4500
008 240331s9999 xx 000 0 und d
082 _bSEL
100 _aSelvadurai,S
245 0 _aCinnamon gardens :
_bauthor of funney bay
942 _cL
999 _c5385
_d5385